000 00342pab a2200145 454500
008 180718b1988 xxu||||| |||| 00| 0 eng d
100 _aMoene, Karl O.
245 _aUnions threats and wage determination
260 _c1988
300 _a471-83
362 _aJun.
650 _aLabour Unions
773 _aEconomic Journal
909 _a11974
999 _c11974
_d11974